Oportunidades para la participacin̤ y la democratizacin̤ de las organizaciones en el siglo XXI

Detalles Bibliográficos
Autor principal: Ostos Mota, Gloria
Formato: eBook
Lenguaje:español
Publicado: Madrid: Dykinson, 2021
Materias:
Acceso en línea:Acceso restringido

MARC

LEADER 00000nam a22000007a 4500
005 2022082305435.0
007 cr|||| ||||
008 220823s2021 es |||||s|||| 00||0 spa d
020 |a 978-84-1122-001-9 
035 |a 36666 
040 |a vLex 
090 |c 13794  |d 13794 
100 1 |a Ostos Mota, Gloria 
245 1 0 |a Oportunidades para la participacin̤ y la democratizacin̤ de las organizaciones en el siglo XXI  |h [Recurso electrn̤ico] /  |c Gloria Ostos Mota 
256 |a Servicio en ln̕ea 
260 |a Madrid:  |b Dykinson,  |c 2021 
300 |a 1 recurso electrn̤ico 
500 |a Este libro aborda el tema de la necesaria democratizacin̤ de las organizaciones, a travš de una participacin̤ ciudadana consciente y responsable, que sabe que todos y cada uno de nosotros desde los m̀bitos polt̕ico, social, empresarial, acadm̌ico y tambiň desde nuestra propia realidad debemos aportar nuestro conocimiento y nuestra experiencia para afrontar entre todos los retos a los que nos enfrentamos en el siglo XXI, y ms̀ si cabe despuš de la pandemia mundial COVID-19 que hemos sufrido y an︢ no ha terminado. 
506 1 |a Disponible solo en los productos indicados  |d vLex Global  |d vLex Global (Academic Edition, excluding Law Schools)  |d vLex Global (U.S. Academic Edition, Law Schools)  |d vLex Global (U.S. Academic Edition, excluding Law Schools)  |d vLex Global (Academic Edition, Law Schools) 
650 0 4 |a Educacin̤  |z Espaą 
650 0 4 |a Ciencias sociales  |z Espaą 
740 0 |a vLex Libros (Servicio en ln̕ea) 
856 4 0 |u https://app.vlex.com/#/sources/36666  |z Acceso restringido 
942 |c BOOK 
999 0 |a Education 
999 0 |a Social Sciences